[Event "CAN-op"]
[Site "Toronto CAN"]
[Date "2010.07.14"]
[Round "6"]
[White "Willis, Bradley"]
[Black "Calugar, Arthur"]
[Result "1-0"]
[WhiteElo "2122"]
[BlackElo "2372"]
[PlyCount "125"]
[EventDate "2010.07.10"]
[EventType "swiss"]
[EventRounds "9"]
[EventCountry "CAN"]

1. d4 Nf6 2. Nf3 g6 3. c4 Bg7 4. Nc3 d5 5. e3 O-O 6. Qb3 dxc4 7. Bxc4 e6 8. Ne5
Nfd7 9. f4 c5 10. Nxd7 Nxd7 11. d5 Nb6 12. dxe6 Nxc4 13. exf7+ Rxf7 14. Qxc4
Qh4+ 15. g3 Qh3 16. Bd2 Be6 17. Qf1 Qh5 18. h3 Rd8 19. Qe2 Qxe2+ 20. Kxe2 Rfd7
21. Be1 b5 22. Rh2 Bc4+ 23. Kf3 Rd3 24. Rc2 Bd4 25. Nd1 Re8 26. Bd2 Bg7 27. Nf2
Rd7 28. Bc3 Bf8 29. b3 Be6 30. Ng4 Be7 31. Ne5 Rd6 32. g4 Red8 33. Ba5 Rc8 34.
Rac1 c4 35. Bb4 Rd7 36. Nxd7 Bxb4 37. Ne5 Ba3 38. Rd1 c3 39. Rd3 b4 40. e4 Rc5
41. Rd6 Bc8 42. Nc4 Bb2 43. Rd8+ Kg7 44. Nxb2 cxb2 45. Rxb2 Rc3+ 46. Kf2 Be6
47. f5 gxf5 48. exf5 Bf7 49. Kg2 a5 50. Rd7 h6 51. Ra7 Rc5 52. Rd2 Kf6 53. Rd6+
Ke5 54. Rxh6 Bd5+ 55. Kg3 Rc3+ 56. Kh4 Kf4 57. Rxa5 Bg2 58. Kh5 Bxh3 59. Kg6
Bxg4 60. Rh4 Rc6+ 61. f6 Kg3 62. Rxg4+ Kxg4 63. Kg7 1-0

[Event "CAN-op"]
[Site "Toronto CAN"]
[Date "2010.07.14"]
[Round "6"]
[White "Zaczek, Jonathan"]
[Black "Sapozhnikov, Roman"]
[Result "0-1"]
[WhiteElo "2179"]
[BlackElo "2434"]
[PlyCount "153"]
[EventDate "2010.07.10"]
[EventType "swiss"]
[EventRounds "9"]
[EventCountry "CAN"]

1. e4 c5 2. Nf3 Nc6 3. d4 cxd4 4. Nxd4 Nf6 5. Nc3 d6 6. Bc4 Qb6 7. Nb3 e6 8.
Be3 Qc7 9. Be2 a6 10. Qd2 b5 11. a3 Bb7 12. f3 Be7 13. g4 Nd7 14. O-O-O Nc5 15.
Nxc5 dxc5 16. Bf4 e5 17. Nd5 Qd8 18. Bg3 Bd6 19. c3 O-O 20. g5 Na5 21. Nf6+
gxf6 22. Qxd6 Qxd6 23. Rxd6 fxg5 24. Bxe5 Rfe8 25. Bf6 Re6 26. Rxe6 fxe6 27.
Bxg5 Kf7 28. Rd1 Bc6 29. Kc2 Rg8 30. Bf4 b4 31. Rd6 Rg2 32. Kd1 bxa3 33. bxa3
Bb5 34. Bxb5 axb5 35. Rd7+ Kg6 36. Be5 Ra2 37. Rg7+ Kh6 38. Rg3 Nc4 39. Bf4+
Kh5 40. Rh3+ Kg6 41. Bc1 Nxa3 42. Rh6+ Kg7 43. Rxe6 Nb1 44. Rc6 Nxc3+ 45. Ke1
Re2+ 46. Kf1 Rxh2 47. Bf4 Rh5 48. Bd6 c4 49. e5 Kf7 50. Bb4 Nd5 51. e6+ Kf6 52.
e7+ Kf7 53. Re6 Ke8 54. Ba5 c3 55. Rc6 Kxe7 56. Rc8 Kd7 57. Rd8+ Kc6 58. Bxc3
Nxc3 59. Rc8+ Kd5 60. Rxc3 Rh6 61. Ke2 b4 62. Rc8 Rb6 63. Kd2 b3 64. Rd8+ Ke5
65. Kc1 b2+ 66. Kb1 Kf6 67. Rg8 Rb7 68. Rg4 h5 69. Rg8 Rh7 70. Kxb2 h4 71. Rg2
h3 72. Rh2 Kf5 73. Kc2 Kf4 74. Kd2 Kxf3 75. Ke1 Kg3 76. Rf2 h2 77. Rxh2 0-1

[Event "CAN-op"]
[Site "Toronto CAN"]
[Date "2010.07.15"]
[Round "6.30"]
[White "Aronov, Yuri"]
[Black "Zybura, Andre"]
[Result "1-0"]
[WhiteElo "2301"]
[BlackElo "1989"]
[PlyCount "67"]
[EventDate "2010.07.10"]
[EventType "swiss"]
[EventRounds "9"]
[EventCountry "CAN"]

1. d4 Nf6 2. c4 g6 3. Nc3 Bg7 4. e4 d6 5. Nf3 O-O 6. Be2 e5 7. Be3 exd4 8. Nxd4
Nc6 9. O-O Re8 10. f3 Nh5 11. Qd2 f5 12. Nxc6 bxc6 13. Bg5 Bxc3 14. bxc3 Nf6
15. Qd4 Kg7 16. Qd2 Qe7 17. Bd3 Qe5 18. Rae1 fxe4 19. Bxe4 Qc5+ 20. Be3 Nxe4
21. fxe4 Qxc4 22. Bd4+ Re5 23. Bxe5+ dxe5 24. Qd8 Qc5+ 25. Kh1 Kh6 26. Qf8+
Qxf8 27. Rxf8 Rb8 28. h3 Kg5 29. Kh2 h5 30. Re3 h4 31. c4 Kh5 32. Rd3 g5 33.
Rdd8 g4 34. hxg4+ 1-0

[Event "CAN-op"]
[Site "Toronto CAN"]
[Date "2010.07.15"]
[Round "6.41"]
[White "Rapoport, Alexander"]
[Black "Florea, Alexandru"]
[Result "0-1"]
[WhiteElo "1838"]
[BlackElo "2076"]
[PlyCount "68"]
[EventDate "2010.07.10"]
[EventType "swiss"]
[EventRounds "9"]
[EventCountry "CAN"]

1. d4 Nf6 2. e3 d6 3. Nf3 e6 4. c4 Nbd7 5. Nc3 c5 6. Be2 Be7 7. O-O O-O 8. Qc2
b6 9. Rd1 Bb7 10. e4 Qc8 11. Bg5 cxd4 12. Nxd4 d5 13. e5 Nxe5 14. b3 dxc4 15.
Rac1 Rd8 16. bxc4 Nd5 17. h4 Nxc3 18. Qxc3 f6 19. Bf4 Ng6 20. Bg3 e5 21. Nc2
Bc5 22. Ne3 Bd4 23. Qb3 Qc5 24. Bg4 Nf4 25. Nd5 Bxd5 26. cxd5 Qxd5 27. Bxf4
Qxb3 28. axb3 exf4 29. Rc7 a5 30. Rb7 a4 31. Bd7 a3 32. Rxd4 a2 33. Be6+ Kh8
34. Rxd8+ Rxd8 0-1

[Event "CAN-op"]
[Site "Toronto CAN"]
[Date "2010.07.15"]
[Round "6.84"]
[White "Petrovic, Slobodan"]
[Black "Botez, Alexandra"]
[Result "0-1"]
[WhiteElo "1676"]
[BlackElo "1963"]
[PlyCount "60"]
[EventDate "2010.07.10"]
[EventType "swiss"]
[EventRounds "9"]
[EventCountry "CAN"]

1. e4 c6 2. Nc3 d5 3. exd5 cxd5 4. d4 Nc6 5. Bb5 Bf5 6. a3 a6 7. Ba4 b5 8. Bb3
e6 9. Be3 Bd6 10. Nf3 Nf6 11. Nh4 Bg6 12. Nxg6 hxg6 13. Bg5 Qb6 14. Be3 O-O-O
15. h3 Nh5 16. Qg4 Kb8 17. O-O-O Na5 18. Ba2 Rc8 19. Rd3 Nf6 20. Qf3 Rc7 21.
Bf4 Rhc8 22. Bb1 Nc4 23. Na2 Ne4 24. b4 Bxf4+ 25. Qxf4 g5 26. Qf3 Ncd2 27. Rxd2
Nxd2 28. Kxd2 Qxd4+ 29. Ke2 Rxc2+ 30. Bxc2 Rxc2+ 0-1

[Event "CAN-op"]
[Site "Toronto CAN"]
[Date "2010.07.15"]
[Round "6.86"]
[White "Haziprodromu, Sam"]
[Black "Yang, Marguerite"]
[Result "0-1"]
[WhiteElo "1950"]
[BlackElo "1540"]
[PlyCount "52"]
[EventDate "2010.07.10"]
[EventType "swiss"]
[EventRounds "9"]
[EventCountry "CAN"]

1. e4 c5 2. d4 cxd4 3. c3 dxc3 4. Nxc3 Nc6 5. Nf3 e6 6. Bc4 Qc7 7. Qe2 Nf6 8.
h3 Bd6 9. O-O a6 10. Be3 b5 11. Bb3 b4 12. Na4 a5 13. Rfd1 Ba6 14. Qe1 Bb5 15.
Rac1 Qb8 16. Nd2 Ne5 17. f4 Nd3 18. Qg3 Bxf4 19. Bxf4 Nxf4 20. Kh1 Ne2 21. Qxg7
Ke7 22. Nf1 Nxe4 23. g4 Nxc1 24. Rxc1 Bxf1 25. Bxe6 dxe6 26. Qd4 Ng3+ 0-1

[Event "CAN-op"]
[Site "Toronto CAN"]
[Date "2010.07.15"]
[Round "6.99"]
[White "O'Brien, Frank"]
[Black "McRoberts, Julian"]
[Result "1-0"]
[WhiteElo "1744"]
[BlackElo "1439"]
[PlyCount "59"]
[EventDate "2010.07.10"]
[EventType "swiss"]
[EventRounds "9"]
[EventCountry "CAN"]

1. d4 e6 2. c4 Nf6 3. Nf3 b6 4. a3 d5 5. Nc3 Be7 6. cxd5 Nxd5 7. e4 Nf6 8. Bd3
h6 9. O-O Nh7 10. Qe2 O-O 11. e5 Bb7 12. Ne4 Nd7 13. Rd1 Qc8 14. Be3 a5 15.
Rac1 Bd8 16. Nd6 Qb8 17. Nxb7 Qxb7 18. Qc2 Ng5 19. Nxg5 hxg5 20. Be4 Qa7 21.
Bxa8 Qxa8 22. Qd2 f6 23. exf6 gxf6 24. h4 Rf7 25. hxg5 fxg5 26. Qd3 Nf8 27. d5
Rd7 28. Qe4 exd5 29. Qf5 Rf7 30. Qxd5 1-0

[Event "CAN-op"]
[Site "Toronto CAN"]
[Date "2010.07.15"]
[Round "6.104"]
[White "Finlay, Ian"]
[Black "Ortiz, Hugo"]
[Result "1-0"]
[WhiteElo "1926"]
[BlackElo "1560"]
[PlyCount "41"]
[EventDate "2010.07.10"]
[EventType "swiss"]
[EventRounds "9"]
[EventCountry "CAN"]

1. e4 c6 2. d3 d5 3. Nd2 e5 4. Ngf3 Bd6 5. g3 Nf6 6. Bg2 O-O 7. O-O dxe4 8.
dxe4 Bc7 9. Re1 Re8 10. c3 Nbd7 11. Qc2 Nc5 12. Bf1 h6 13. b4 Ncd7 14. Nh4 Nf8
15. Ndf3 Bb6 16. h3 Kh7 17. b5 c5 18. Bb2 N8d7 19. Rad1 Qe7 20. Nf5 Qe6 21. Rd6
1-0

[Event "CAN-op"]
[Site "Toronto CAN"]
[Date "2010.07.15"]
[Round "6.107"]
[White "Blium, Benjamin"]
[Black "Juma, Sadiq"]
[Result "0-1"]
[WhiteElo "1096"]
[BlackElo "1900"]
[PlyCount "73"]
[EventDate "2010.07.10"]
[EventType "swiss"]
[EventRounds "9"]
[EventCountry "CAN"]

1. e4 c5 2. Nf3 d6 3. d4 cxd4 4. Nxd4 Nf6 5. Nc3 a6 6. f4 Qc7 7. Be2 g6 8. Be3
Bg7 9. O-O Nbd7 10. Qe1 Nc5 11. Bd3 O-O 12. Qh4 b5 13. a3 Bb7 14. f5 d5 15.
exd5 Nxd3 16. cxd3 Qe5 17. Qg3 Qxg3 18. hxg3 Nxd5 19. Nxd5 Bxd5 20. Rab1 Rfd8
21. Ne2 Bb3 22. d4 Bc2 23. fxg6 Bxb1 24. gxf7+ Kf8 25. Rxb1 Kxf7 26. Rf1+ Kg8
27. Rd1 Rac8 28. Bc1 Rc2 29. Kf1 Rd5 30. b3 e5 31. Be3 exd4 32. Nxd4 Rc3 33.
Ke2 Bxd4 34. Rxd4 Rxd4 35. Bxd4 Rxg3 36. Kf2 Rxb3 37. Bc5 0-1

[Event "CAN-op"]
[Site "Toronto CAN"]
[Date "2010.07.16"]
[Round "7"]
[White "Allard, Laurent"]
[Black "Walton, Alan"]
[Result "1/2-1/2"]
[WhiteElo "1934"]
[BlackElo "2152"]
[PlyCount "67"]
[EventDate "2010.07.10"]
[EventType "swiss"]
[EventRounds "9"]
[EventCountry "CAN"]

1. e4 e6 2. d4 d5 3. Nd2 Nf6 4. e5 Nfd7 5. Bd3 c5 6. c3 Nc6 7. Ne2 cxd4 8. cxd4
f6 9. exf6 Nxf6 10. Nf3 Bd6 11. Bf4 O-O 12. O-O Qc7 13. Bxd6 Qxd6 14. Ng3 Bd7
15. Re1 Qf4 16. Qc1 Qxc1 17. Raxc1 a6 18. a3 Rac8 19. h3 h6 20. b4 g5 21. b5
axb5 22. Bxb5 Ra8 23. Bxc6 bxc6 24. Ne5 Be8 25. Nxc6 Rxa3 26. Rxe6 Rd3 27. f3
Rd2 28. Nf5 Bd7 29. Nfe7+ Kf7 30. Ree1 Ra8 31. Ne5+ Kg7 32. Nxd7 Raa2 33. Nf5+
Kg6 34. Ne7+ 1/2-1/2

[Event "CAN-op"]
[Site "Toronto CAN"]
[Date "2010.07.16"]
[Round "7"]
[White "Armstrong, Robert J"]
[Black "Dhaliwal, Jatinder"]
[Result "1/2-1/2"]
[WhiteElo "1800"]
[BlackElo "1577"]
[PlyCount "78"]
[EventDate "2010.07.10"]
[EventType "swiss"]
[EventRounds "9"]
[EventCountry "CAN"]

1. d4 g6 2. c4 Bg7 3. Nc3 Nf6 4. e4 d6 5. f3 O-O 6. Be3 Nbd7 7. Nge2 Re8 8. g4
e5 9. d5 Nf8 10. Ng3 h6 11. g5 hxg5 12. Bxg5 N8h7 13. Qd2 a6 14. h4 Qd7 15. Bh6
Qe7 16. Bh3 Nh5 17. Bxc8 Nxg3 18. Rh3 Raxc8 19. Bxg7 Kxg7 20. Rxg3 Qxh4 21. Qf2
Nf6 22. Rxg6+ fxg6 23. Qxh4 Rh8 24. Qxh8+ Rxh8 25. O-O-O Rh3 26. Rf1 Nh5 27.
Ne2 Rh2 28. Kd1 Kh6 29. Ke1 Rg2 30. Rf2 Rxf2 31. Kxf2 g5 32. b4 Nf4 33. Nxf4
gxf4 34. a4 b6 35. b5 a5 36. Kg2 Kg5 37. Kh3 Kh5 38. Kh2 Kh4 39. Kg2 Kg5
1/2-1/2

[Event "CAN-op"]
[Site "Toronto CAN"]
[Date "2010.07.16"]
[Round "7"]
[White "Cheng, Bindi"]
[Black "Chung, Kevin"]
[Result "1-0"]
[WhiteElo "2426"]
[BlackElo "2280"]
[PlyCount "99"]
[EventDate "2010.07.10"]
[EventType "swiss"]
[EventRounds "9"]
[EventCountry "CAN"]

1. d4 e6 2. Nf3 d5 3. g3 Nf6 4. Bg2 Be7 5. O-O O-O 6. c4 Nbd7 7. Qc2 b6 8. cxd5
Nxd5 9. e4 Nb4 10. Qb3 c5 11. a3 Nc6 12. d5 Na5 13. Qc2 exd5 14. exd5 Nf6 15.
Rd1 Bd6 16. Nc3 Re8 17. h3 h6 18. b3 Bd7 19. Bb2 Qc8 20. Nh4 c4 21. bxc4 Nxc4
22. Rac1 Nxb2 23. Qxb2 Qa6 24. Ra1 Rac8 25. Nf3 Rc5 26. Nd4 Be5 27. Rac1 Bd6
28. Nc6 Qb7 29. Nb5 Rxc1 30. Rxc1 Bc5 31. Nbxa7 Qc7 32. Kh2 Ne4 33. Nb5 Qb7 34.
Nbd4 Qa6 35. Nb4 Bxd4 36. Qxd4 Qxa3 37. Re1 Nc5 38. Rxe8+ Bxe8 39. d6 Qa4 40.
Qe5 Ne6 41. Nd5 Qb5 42. f4 Bd7 43. f5 Nf8 44. f6 g6 45. Qe3 Kh7 46. Qe7 Kg8 47.
Qd8 Be8 48. Nc7 Qd7 49. Qxe8 Qxd6 50. Nd5 1-0

[Event "CAN-op"]
[Site "Toronto CAN"]
[Date "2010.07.16"]
[Round "7"]
[White "Drkulec, Vladimir"]
[Black "Zaczek, Jonathan"]
[Result "0-1"]
[WhiteElo "2038"]
[BlackElo "2179"]
[PlyCount "74"]
[EventDate "2010.07.10"]
[EventType "swiss"]
[EventRounds "9"]
[EventCountry "CAN"]

1. d4 Nf6 2. c4 g6 3. g3 Bg7 4. Bg2 d5 5. cxd5 Nxd5 6. Nf3 O-O 7. O-O Nc6 8.
Nc3 Nb6 9. e3 e5 10. d5 Na5 11. e4 c6 12. Bg5 f6 13. Be3 cxd5 14. exd5 Nac4 15.
Bc5 Rf7 16. b3 Nd6 17. Nd2 f5 18. Rc1 Qf6 19. a4 Ne8 20. a5 Nd7 21. Ba3 e4 22.
Rc2 Ne5 23. Bb2 Qa6 24. b4 Nd3 25. Ba3 Rc7 26. Ncb1 Bd7 27. Rxc7 Nxc7 28. Qb3
Nb5 29. Nc4 Nd4 30. Qa2 Rc8 31. Ne3 Kh8 32. Rd1 Ba4 33. Rxd3 Qxd3 34. Bb2 Bb3
35. Qa1 Rc1+ 36. Bxc1 Ne2+ 37. Kh1 Bxa1 0-1

[Event "CAN-op"]
[Site "Toronto CAN"]
[Date "2010.07.16"]
[Round "7"]
[White "Egorov, Mikhail"]
[Black "Yoos, John"]
[Result "1/2-1/2"]
[WhiteElo "2179"]
[BlackElo "2461"]
[PlyCount "74"]
[EventDate "2010.07.10"]
[EventType "swiss"]
[EventRounds "9"]
[EventCountry "CAN"]

1. d4 Nf6 2. Nf3 g6 3. c4 Bg7 4. g3 O-O 5. Bg2 d6 6. O-O Nc6 7. Nc3 a6 8. Qd3
Nd7 9. Be3 e5 10. Qd2 Ne7 11. Bh6 Bxh6 12. Qxh6 Nf5 13. Qd2 c6 14. b3 Qe7 15.
e4 Ng7 16. Rad1 Ne8 17. dxe5 dxe5 18. Bh3 Nb6 19. Bxc8 Rxc8 20. Qe3 Nd7 21. Na4
Nef6 22. c5 Rfe8 23. Rd3 Ng4 24. Qg5 Qxg5 25. Nxg5 Nf8 26. f3 Nh6 27. Rfd1 f6
28. Nh3 Nf7 29. Nb6 Rcd8 30. Nd7 Nxd7 31. Rxd7 Kf8 32. Nf2 Rxd7 33. Rxd7 Re7
34. Rxe7 Kxe7 35. Nd3 f5 36. Kf2 Kf6 37. Ke3 h5 1/2-1/2

[Event "CAN-op"]
[Site "Toronto CAN"]
[Date "2010.07.16"]
[Round "7"]
[White "Gagunashvili, Merab"]
[Black "Hambleton, Aman"]
[Result "1/2-1/2"]
[WhiteElo "2592"]
[BlackElo "2315"]
[PlyCount "75"]
[EventDate "2010.07.10"]
[EventType "swiss"]
[EventRounds "9"]
[EventCountry "CAN"]

1. d4 Nf6 2. c4 c5 3. d5 b5 4. cxb5 a6 5. bxa6 g6 6. Nc3 Bxa6 7. g3 d6 8. Bg2
Bg7 9. Nf3 Nbd7 10. Rb1 Nb6 11. b3 O-O 12. Bb2 Bc8 13. Nd2 Bb7 14. e4 Ba6 15.
Bf1 Nfd7 16. Bxa6 Rxa6 17. Qe2 Qa8 18. a4 Rc8 19. O-O c4 20. bxc4 Nxa4 21. Nxa4
Rxa4 22. Bxg7 Kxg7 23. Rfc1 Ra2 24. Rc3 Qa5 25. Qe3 Ne5 26. Kg2 Qc5 27. Qxc5
Rxc5 28. Rd1 g5 29. Kf1 g4 30. Ke1 Kf6 31. Rdc1 Rca5 32. Kd1 Nd7 33. Ke2 Nc5
34. R1c2 Rxc2 35. Rxc2 Ra3 36. Nb1 Rb3 37. Nd2 Ra3 38. Nb1 1/2-1/2

[Event "CAN-op"]
[Site "Toronto CAN"]
[Date "2010.07.16"]
[Round "7"]
[White "Gladstone, Simon"]
[Black "Mo, Kevin"]
[Result "0-1"]
[WhiteElo "1946"]
[BlackElo "1964"]
[PlyCount "48"]
[EventDate "2010.07.10"]
[EventType "swiss"]
[EventRounds "9"]
[EventCountry "CAN"]

1. e4 c5 2. Nf3 d6 3. d4 cxd4 4. Nxd4 Nf6 5. Nc3 g6 6. Be3 Bg7 7. f3 Nc6 8. Qd2
O-O 9. O-O-O d5 10. Nxc6 bxc6 11. exd5 cxd5 12. Nxd5 Nxd5 13. Qxd5 Qc7 14. Qc5
Qb7 15. Bd4 Bf5 16. Qb5 Qc7 17. Qb3 Rab8 18. Qc3 Qf4+ 19. Qe3 Qxe3+ 20. Bxe3
Rxb2 21. Bd3 Bxd3 22. Rxd3 Rc8 23. Bc5 Rxa2 24. Ra3 Bb2+ 0-1

[Event "CAN-op"]
[Site "Toronto CAN"]
[Date "2010.07.16"]
[Round "7"]
[White "Ibrahim, Ismail"]
[Black "Haessel, Dale"]
[Result "1-0"]
[WhiteElo "2062"]
[BlackElo "2316"]
[PlyCount "81"]
[EventDate "2010.07.10"]
[EventType "swiss"]
[EventRounds "9"]
[EventCountry "CAN"]

1. e4 e5 2. Nf3 Nf6 3. Bc4 Nxe4 4. Nxe5 d5 5. Bb3 Be6 6. d4 Nd7 7. Nd3 Bd6 8.
Be3 c6 9. Nd2 Qc7 10. h3 Ndf6 11. Nf3 O-O 12. Qe2 Rfe8 13. Nde5 Bb4+ 14. Kf1
Bd6 15. c3 a5 16. Bc2 c5 17. Re1 h6 18. g4 Nd7 19. Nxd7 Bxd7 20. Bb1 f5 21.
Bxe4 Rxe4 22. Nd2 Re7 23. gxf5 Bxf5 24. Qh5 Rf8 25. Kg2 Rf6 26. Rhf1 c4 27. Kh1
Qc6 28. Rg1 Kh7 29. Rg2 Bg6 30. Qh4 Bf4 31. Rxg6 Kxg6 32. Rg1+ Bg5 33. Nf3 Re4
34. Qg3 Kf5 35. Bxg5 hxg5 36. Qxg5+ Ke6 37. Qxg7 Re2 38. Ng5+ Kf5 39. Qh7+ Rg6
40. Nf3 Re4 41. Qh5+ 1-0

[Event "CAN-op"]
[Site "Toronto CAN"]
[Date "2010.07.16"]
[Round "7"]
[White "Juma, Sadiq"]
[Black "Sly, Douglas"]
[Result "1-0"]
[WhiteElo "1900"]
[BlackElo "1628"]
[PlyCount "67"]
[EventDate "2010.07.10"]
[EventType "swiss"]
[EventRounds "9"]
[EventCountry "CAN"]

1. e4 e5 2. Nf3 d6 3. d4 Nf6 4. Nc3 Bg4 5. dxe5 Bxf3 6. Qxf3 dxe5 7. Bd2 Be7 8.
Qg3 Nbd7 9. Qxg7 Rg8 10. Qh6 c6 11. f3 Qc7 12. O-O-O O-O-O 13. g3 Rg6 14. Qh3
Kb8 15. Bc4 Rf8 16. Bh6 Rxh6 17. Qxh6 b5 18. Bb3 a5 19. a4 b4 20. Ne2 Bc5 21.
Rd3 Be7 22. Kb1 c5 23. Bc4 Nb6 24. Bb5 c4 25. Rdd1 Nc8 26. b3 Nd6 27. Bxc4 Nxc4
28. bxc4 Qxc4 29. Qe3 Bc5 30. Qd3 Qe6 31. Qb5+ Bb6 32. Rd3 Ne8 33. Rd8+ Kc7 34.
Rhd1 1-0

[Event "CAN-op"]
[Site "Toronto CAN"]
[Date "2010.07.16"]
[Round "7"]
[White "Kleinman, Michael"]
[Black "Ferreira, Alex"]
[Result "1/2-1/2"]
[WhiteElo "2233"]
[BlackElo "2054"]
[PlyCount "68"]
[EventDate "2010.07.10"]
[EventType "swiss"]
[EventRounds "9"]
[EventCountry "CAN"]

1. e4 e5 2. Nf3 Nc6 3. d4 exd4 4. Nxd4 Nf6 5. Nxc6 bxc6 6. e5 Qe7 7. Qe2 Nd5 8.
c4 Ba6 9. b3 g5 10. g3 Bg7 11. Bb2 d6 12. Qe4 Nb4 13. a3 d5 14. Qf5 Bc8 15. Qf3
Nc2+ 16. Kd2 g4 17. Qf4 Nxa1 18. Bxa1 h5 19. Kc2 Bh6 20. Qd4 Bf5+ 21. Bd3 Bxd3+
22. Qxd3 O-O-O 23. Bd4 c5 24. cxd5 Rxd5 25. Qa6+ Kd8 26. Qxa7 Rxd4 27. Qb8+ Kd7
28. Qxh8 Qg5 29. Qf6 Rd2+ 30. Nxd2 Qxd2+ 31. Kb1 Qd3+ 32. Kb2 Qd2+ 33. Kb1 Qd3+
34. Kb2 Qd2+ 1/2-1/2

[Event "CAN-op"]
[Site "Toronto CAN"]
[Date "2010.07.16"]
[Round "7"]
[White "Malaniuk, Vladimir"]
[Black "Pechenkin, Vladimir"]
[Result "1-0"]
[WhiteElo "2551"]
[BlackElo "2432"]
[PlyCount "77"]
[EventDate "2010.07.10"]
[EventType "swiss"]
[EventRounds "9"]
[EventCountry "CAN"]

1. d4 f5 2. Nc3 d5 3. Bf4 c6 4. e3 Nf6 5. Bd3 e6 6. Nf3 Be7 7. O-O O-O 8. Ne2
Nbd7 9. h3 Ne4 10. c4 Bf6 11. Bh2 Qe7 12. Rc1 g5 13. Bb1 Rf7 14. Nd2 Bg7 15.
Nxe4 fxe4 16. Nc3 Nf8 17. f3 exf3 18. Rxf3 Rxf3 19. Qxf3 Bd7 20. Qe2 Be8 21.
Kh1 Bg6 22. e4 dxe4 23. Rd1 Rd8 24. Bg1 h5 25. Bxe4 g4 26. Bxg6 Nxg6 27. Qe4
Nf8 28. Ne2 gxh3 29. gxh3 Rd7 30. Rd3 Qb4 31. b3 Qe1 32. Rg3 Rf7 33. Qg2 Qb1
34. Nc3 Qc1 35. Ne4 Nh7 36. Nd6 Re7 37. Ne8 Rxe8 38. Rxg7+ Kh8 39. Qg6 1-0

[Event "CAN-op"]
[Site "Toronto CAN"]
[Date "2010.07.16"]
[Round "7"]
[White "Martchenko, Alexander"]
[Black "Florea, Alexandru"]
[Result "1-0"]
[WhiteElo "2382"]
[BlackElo "2076"]
[PlyCount "69"]
[EventDate "2010.07.10"]
[EventType "swiss"]
[EventRounds "9"]
[EventCountry "CAN"]

1. e4 c5 2. Nf3 d6 3. Bb5+ Bd7 4. Bxd7+ Qxd7 5. c4 Nf6 6. Nc3 e6 7. d4 cxd4 8.
Nxd4 Nc6 9. Nc2 Be7 10. O-O O-O 11. Qe2 Rfd8 12. Rd1 b6 13. b3 Qb7 14. Ba3 Rd7
15. Rd2 Rad8 16. Rad1 Ne8 17. f4 a6 18. Kh1 Bf6 19. Bb2 b5 20. Ne3 bxc4 21.
Nxc4 Bxc3 22. Bxc3 Ne7 23. Ba5 Rb8 24. Nxd6 Rxd6 25. Rxd6 Nxd6 26. Rxd6 Nc6 27.
Bc3 Qc7 28. Qd3 h6 29. h3 Rd8 30. Rxd8+ Nxd8 31. Qg3 g6 32. Qd3 Nc6 33. Qxa6
Nb8 34. Qa5 Qc8 35. Qe5 1-0

[Event "CAN-op"]
[Site "Toronto CAN"]
[Date "2010.07.16"]
[Round "7"]
[White "Mulyar, Michael"]
[Black "Willis, Bradley"]
[Result "1-0"]
[WhiteElo "2380"]
[BlackElo "2122"]
[PlyCount "57"]
[EventDate "2010.07.10"]
[EventType "swiss"]
[EventRounds "9"]
[EventCountry "CAN"]

1. c4 e6 2. Nf3 f5 3. g3 Nf6 4. Bg2 d5 5. O-O Bd6 6. d4 c6 7. Bf4 Bxf4 8. gxf4
b6 9. Nbd2 a5 10. Ne5 O-O 11. Qc2 Qe8 12. Qb3 Ra6 13. Rac1 Kh8 14. Rc2 Bd7 15.
cxd5 exd5 16. Ndf3 Qe7 17. Qd3 Ra7 18. Nh4 Kg8 19. Nxf5 Bxf5 20. Qxf5 Rc7 21.
e3 c5 22. dxc5 bxc5 23. Ng4 d4 24. Nxf6+ Rxf6 25. Qd5+ Kh8 26. exd4 Nd7 27.
dxc5 Nb6 28. Qe4 Re6 29. cxb6 1-0

[Event "CAN-op"]
[Site "Toronto CAN"]
[Date "2010.07.16"]
[Round "7"]
[White "Olheiser, Gordon"]
[Black "Castle, Larry"]
[Result "1-0"]
[WhiteElo "2142"]
[BlackElo "1734"]
[PlyCount "69"]
[EventDate "2010.07.10"]
[EventType "swiss"]
[EventRounds "9"]
[EventCountry "CAN"]

1. Nf3 d5 2. d4 Nf6 3. c4 c6 4. Qb3 e6 5. Bf4 Bd6 6. Bxd6 Qxd6 7. Qa3 Qxa3 8.
Nxa3 Nbd7 9. e3 O-O 10. Be2 Re8 11. O-O e5 12. cxd5 Nxd5 13. Nc4 exd4 14. Nxd4
N7f6 15. Nd6 Re7 16. Nxc8 Rxc8 17. Rfd1 Rd8 18. Bf3 g6 19. Nb3 b6 20. Nd4 Rc8
21. g3 c5 22. Nf5 gxf5 23. Bxd5 Nxd5 24. Rxd5 f4 25. gxf4 Kh8 26. Rad1 Rcc7 27.
Kg2 f6 28. Rd8+ Kg7 29. Kf3 c4 30. f5 c3 31. bxc3 Rxc3 32. Rg1+ Kh6 33. Rd6 Rf7
34. Rd4 Kh5 35. Rdg4 1-0

[Event "CAN-op"]
[Site "Toronto CAN"]
[Date "2010.07.16"]
[Round "7"]
[White "Oussedik, Elias"]
[Black "Doknjas, John"]
[Result "1/2-1/2"]
[WhiteElo "2154"]
[BlackElo "1896"]
[PlyCount "39"]
[EventDate "2010.07.10"]
[EventType "swiss"]
[EventRounds "9"]
[EventCountry "CAN"]

1. e4 c5 2. Nf3 d6 3. d4 cxd4 4. Nxd4 Nf6 5. Nc3 a6 6. Be2 e5 7. Nb3 Be7 8. Be3
O-O 9. O-O Be6 10. a4 Qc7 11. a5 Nbd7 12. Qd2 Rfc8 13. Rfd1 Bc4 14. f3 b5 15.
axb6 Nxb6 16. Na5 Rab8 17. Rdc1 h6 18. Kh1 Bxe2 19. Qxe2 Nc4 20. Nxc4 1/2-1/2

[Event "CAN-op"]
[Site "Toronto CAN"]
[Date "2010.07.16"]
[Round "7"]
[White "Rehmeier, Thomas"]
[Black "McCleary, Reuben"]
[Result "1/2-1/2"]
[WhiteElo "1795"]
[BlackElo "1597"]
[PlyCount "66"]
[EventDate "2010.07.10"]
[EventType "swiss"]
[EventRounds "9"]
[EventCountry "CAN"]

1. c4 e6 2. g3 d5 3. d4 Nf6 4. Bg2 c6 5. Nf3 Be7 6. O-O O-O 7. Nc3 Nbd7 8. Re1
b6 9. b3 Bb7 10. Bb2 c5 11. cxd5 exd5 12. Rc1 Re8 13. Rc2 Rc8 14. Qc1 Bf8 15.
Bh3 Rc7 16. Nb5 Rc8 17. dxc5 bxc5 18. Bxf6 gxf6 19. Bf5 a6 20. Nc3 Qe7 21. Qf4
Rcd8 22. Bd3 Ne5 23. Nxe5 fxe5 24. Qf5 e4 25. Nxe4 dxe4 26. Bc4 Rd6 27. Qxc5
Rf6 28. Qe3 Bh6 29. Qc3 Rd8 30. Qb2 e3 31. f3 Rd2 32. Bd3 Rxc2 33. Qxc2 Rc6
1/2-1/2

[Event "CAN-op"]
[Site "Toronto CAN"]
[Date "2010.07.16"]
[Round "7"]
[White "Scott, Matthew"]
[Black "Barron, Michael"]
[Result "0-1"]
[WhiteElo "1506"]
[BlackElo "2375"]
[PlyCount "98"]
[EventDate "2010.07.10"]
[EventType "swiss"]
[EventRounds "9"]
[EventCountry "CAN"]

1. c4 f5 2. Nf3 Nf6 3. Nc3 d6 4. d4 g6 5. g3 Bg7 6. Bg2 O-O 7. O-O Qe8 8. e3 e5
9. Re1 e4 10. Nd2 c6 11. f3 d5 12. f4 dxc4 13. Nxc4 Be6 14. Ne5 Nbd7 15. b3
Nxe5 16. dxe5 Rd8 17. Qc2 Nd7 18. Ba3 Rf7 19. Bd6 Nb6 20. Bf1 Rfd7 21. Rad1 Bf8
22. Bxf8 Qxf8 23. Rxd7 Rxd7 24. Rd1 Qc5 25. Re1 Kf7 26. Qc1 a5 27. Ne2 Qxc1 28.
Nxc1 Rd2 29. Be2 Nd5 30. Bc4 Nc3 31. Bxe6+ Kxe6 32. a3 Rc2 33. Kh1 c5 34. h3
Nd5 35. Kg1 Nc3 36. Kf1 Nb1 37. Ne2 Nd2+ 38. Kf2 Nxb3 39. g4 b5 40. gxf5+ gxf5
41. Rg1 Ra2 42. Rg7 Nc1 43. Rxh7 Rxe2+ 44. Kf1 Rxe3 45. Rh6+ Ke7 46. Rh7+ Kf8
47. Rh8+ Kg7 48. e6 Kf6 49. Rh6+ Ke7 0-1